| 000 | 00922nam a22002777a 4500 | ||
|---|---|---|---|
| 003 | CBULib | ||
| 005 | 20250612082509.0 | ||
| 008 | 230830b |||||||| |||| 00| 0 eng d | ||
| 020 | _a9780120581030 | ||
| 040 |
_bEnglish _cCBULib _erda |
||
| 041 | _aeng | ||
| 050 | _aGB 1197.7 And | ||
| 100 |
_9693 _aAnderson, Mary P. |
||
| 245 |
_aApplied groundwater modeling : simulation of flow and advective transport _c/ by Mary p. Anderson; William W. Woessner; Randall J. Hunt |
||
| 250 | _aSecond edition | ||
| 260 |
_aLondon : _bElsevier, _c[2015] |
||
| 300 | _aIxi, 564 pages : illustrations | ||
| 336 |
_2rdacontent _aText | _btxt |
||
| 337 |
_2rdamedia _aUnmediated | _bn |
||
| 338 |
_2rdacarrier _aVolume _bnc |
||
| 504 | _aIncludes index | ||
| 650 | 0 |
_2Library of Congress _9694 _aGROUNDWATER FLOW--SIMULATION METHODS |
|
| 700 |
_9695 _aWoessner, William W. |
||
| 700 |
_9696 _aHunt, Randall J. |
||
| 942 |
_2lcc _c002 |
||
| 999 |
_c81501 _d81501 |
||